| 000 | 02317cam a2200337 a 4500 | ||
|---|---|---|---|
| 001 | 14659138 | ||
| 003 | NUST | ||
| 005 | 20220721131628.0 | ||
| 008 | 061207s2007 flua b 001 0 eng | ||
| 010 | _a 2006101025 | ||
| 020 | _a9780849373671 (alk. paper) | ||
| 020 | _a0849373670 (alk. paper) | ||
| 035 | _a(OCoLC)ocm76967264 | ||
| 035 | _a(OCoLC)76967264 | ||
| 040 |
_aDLC _cDLC _dBAKER _dBTCTA _dC#P _dYDXCP _dDLC |
||
| 050 | 0 | 0 |
_aTA1632 _b.B55 2007 |
| 082 | 0 | 0 |
_a621.367, BLI _222 |
| 245 | 0 | 0 |
_aBlind image deconvolution : _btheory and applications / _cedited by Patrizio Campisi, Karen Egiazarian. |
| 260 |
_aBoca Raton : _bCRC Press, _cc2007. |
||
| 300 |
_a448 p. : _bill. (some col.) ; _c25 cm. |
||
| 505 | _aBlind Image Deconvolution: Problem Formulation and Existing Approaches (Page-1), Blind Image Deconvolution Using Bussgang Techniques: Applications to Image Deblurring and Texture Synthesis (Page-43),Blind Multiframe Image Deconvolution Using Anisotropic Spatially Adaptive Filtering for Denoising and Regularization (Page-95),Bayesian Methods Based on Variational Approximations for Blind Image Deconvolution (Page-141),Deconvolution of Medical Images From Microscopic to Whole Body Images (Page-169),Bayesian Estimation of Blur and Noise in Remote Sensing Imaging (Page-239),Deconvolution and Blind Deconvolution in Astronomy (Page-277),Multiframe Blind Deconvolution Coupled with Frame Registration and Resolution Enhancement (Page-317),Blind Reconstruction of Multiframe Imagery Based on Fusion and Classification (Page-349),Blind Deconvolution and Structured Matrix Computations with Applications to Array Imaging (Page-377). | ||
| 650 | 0 |
_aDigital images _xDeconvolution _xMathematics. _994387 |
|
| 650 | 0 |
_aSpectrum analysis _xDeconvolution _xMathematics. _994388 |
|
| 700 | 1 |
_aCampisi, Patrizio, _d1968- _994389 |
|
| 700 | 1 |
_aEgiazarian, K. _q(Karen), _d1959- _994390 |
|
| 856 | 4 | 1 |
_3Table of contents only _uhttp://www.loc.gov/catdir/toc/ecip076/2006101025.html |
| 856 | 4 | 2 |
_3Publisher description _uhttp://www.loc.gov/catdir/enhancements/fy0740/2006101025-d.html |
| 906 |
_a7 _bcbc _corignew _d1 _eecip _f20 _gy-gencatlg |
||
| 942 |
_2ddc _cBK |
||
| 999 |
_c590484 _d590484 |
||